Liedtext - Sehnsucht - Purple Schulz - Statistiken

Allgemein
  • Dieses Quiz wurde 57 mal gespielt
  • Das Durchschnittsergebnis liegt bei 74 aus 156
Antwortstatistiken
Textquiz % Korrekt
Ich
88%
ich
88%
Du
83%
es
75%
hab
73%
ist
73%
Ist
73%
Sehnsucht
73%
da
70%
ein
70%
der
68%
will
68%
Und
65%
Das
63%
das
63%
die
63%
denn
60%
mein
60%
Was
60%
was
60%
nicht
58%
nur
58%
raus
58%
So
58%
muss
55%
war
55%
War
55%
weg
55%
weiß
55%
In
53%
Kann
53%
wo
53%
von
50%
Warum
50%
Mich
48%
nach
48%
hast
45%
Ganz
43%
große
43%
Keine
43%
Kind
43%
schon
43%
sein
43%
weit
43%
keiner
40%
mehr
40%
Frau
38%
Himmel
38%
macht
38%
fort
35%
sind
35%
weinen
35%
Fernweh
33%
wem
33%
fragt
30%
gebor'n
30%
Heimweh
30%
Nacht
30%
schrei'n
30%
Schrei'n
30%
abgebrannt
28%
bewohnt
28%
grau
28%
Müd
28%
müde
28%
schläft
28%
Sterne
28%
verlor'n
28%
eigentlich
25%
Land
25%
Ach
23%
Bevor
23%
allein
20%
Kleines
20%
oben
20%
aufgewacht
18%
leer
18%
Niemandsland
18%
Paradies
18%
Regen
18%
fällt
15%
schlägt
15%
Henker
13%
kommen
13%
Haus
10%
Männer
10%
Wind
10%
Kalte
8%
Schwefelmond
8%
Fliegt
5%
Kalter
5%
Seele
5%
hinaus
3%
Nerven
3%
Keine übereinstimmenden Quizze gefunden
Verteilung der Resultate
Anzahl Personen mit jedem Resultat
Perzentil nach korrekt beantworteten Fragen
Ihre Resultats-Entwicklung
Sie haben dieses Quiz noch nicht gespielt